Podmienky sorpcie prométia prírodnými ionexami

Guardado en:
Detalles Bibliográficos
Autor principal: Tvrdoňová, Michaela (Autor)
Formato: Manuscrito Libro
Lenguaje:eslovaco
Publicado: Bratislava : STU v Bratislave FCHPT, 2003
Edición:Obháj.: 2.6.2003
Etiquetas: Agregar Etiqueta
Sin Etiquetas, Sea el primero en etiquetar este registro!

MARC

LEADER 00000ntm a22000003a 4500
001 stu80742
005 20150617225637.0
008 030603s2003----xo------------------slo-d
040 |a STU  |b slo 
041 0 |a slo 
044 |a xo 
100 1 |a Tvrdoňová, Michaela  |4 aut 
245 1 |a Podmienky sorpcie prométia prírodnými ionexami 
250 |a Obháj.: 2.6.2003 
260 |a Bratislava :  |b STU v Bratislave FCHPT,  |c 2003 
300 |a 91 s. Tab.,grafy,lit 
500 |a Odbor: Chémia a technológia životného prostredia 
996 |b 284C030026  |c C*D13769  |l CCI  |s A  |a 24  |w stu80742_0001